Propagačná činnosť podniku Optima v systéme spotrebných družstiev na Slovensku záverečná práca postgraduálneho štúdia

Gespeichert in:
Bibliographische Detailangaben
1. Verfasser: Pleidel, František
Körperschaft: Vysoká škola ekonomická v Bratislave
Weitere Verfasser: Prachár, Juraj
Format: Buch
Sprache:Slowakisch
Veröffentlicht: Bratislava 1988
Tags: Tag hinzufügen
Keine Tags, Fügen Sie das erste Tag hinzu!

MARC

LEADER 00000nam a2200000 4500
001 c028895
005 20221219092148.7
041 0 |a slo 
044 |a SK 
245 1 0 |a Propagačná činnosť podniku Optima v systéme spotrebných družstiev na Slovensku  |b záverečná práca postgraduálneho štúdia  |c František Pleidel ; Ved. práce Juraj Prachár 
264 1 |a Bratislava  |c 1988 
300 |a 63 s. 
100 1 |a Pleidel, František 
700 1 |a Prachár, Juraj 
710 2 |a Vysoká škola ekonomická v Bratislave